000 00303nam a22001457a 4500
008 221011b ||||| |||| 00| 0 eng d
020 _a9781933053691
041 _aeng
080 _a004
082 _a004
100 _a19
101 _aSHENCA
245 _aICD-10-PCS
_cPUCKETT C
942 _2udc
_cBK
999 _c58498
_d58498